| Поле | Название | Значение |
| |
Тип записи |
a |
| |
Библиографический уровень |
m |
| 001 |
Контрольный номер |
ac5ebd70fe034958975b5d8b78d68fb1 |
| 005 |
Дата корректировки |
20201206205144.9 |
| 010 |
Индекс ISBN |
__ |
| a |
ISBN |
978-5-9268-2657-6 (в пер.) |
| d |
Цена |
631-33, 5000 экз. |
| 100 |
Данные общей обработки |
__ |
| a |
Данные общей обработки |
19181003d2018||||||| 0rusy0189 ca |
| 101 |
Язык документа |
0_ |
| a |
Язык текста |
rus |
| 102 |
Страна публикации |
__ |
| a |
Страна публикации |
ru |
| 102 |
Страна публикации |
__ |
| a |
Страна публикации |
ru |
| 105 |
Кодированные данные (монография) |
__ |
| a |
Кодированные данные (монография) |
a||||||||||zy |
| 200 |
Заглавие и сведения об ответственности |
1_ |
| a |
Заглавие |
Приключения Каспера Берната в Польше и других странах |
| e |
Сведения, относящиеся к заглавию |
роман |
| f |
Первые сведения об ответственности |
Зинаида Шишова, Сергей Царевич ; рисунки И. Кускова |
| b |
Общее обозначение материала |
Текст |
| 210 |
Выходные данные |
__ |
| a |
Место издания |
Санкт-Петербург |
| a |
Место издания |
Москва |
| c |
Издательство |
Речь |
| d |
Дата издания |
2018 |
| 215 |
Физическое описание |
__ |
| a |
Объем |
380, [3] с. |
| d |
Формат |
24 см |
| 225 |
Серия |
__ |
| a |
Серия |
По страницам времен |
| 330 |
Аннотация |
__ |
| a |
Аннотация |
Роман Зинаиды Шишовой и Сергея Царевича перенесёт читателя на несколько веков назад - в эпоху, названную Возрождением, - и позволит стать свидетелем того, как складывалась история Польши в XV-XVI веках. На долю Каспера Берната выпадет немало волнующих, поучительных и опасных приключений - чего стоит только несколько лет рабства на галере или начавшаяся война с Тевтонским орденом! Ну а пока юный Каспер, исключённый из Краковского университета за "еретические философствования" о Копернике и его революционном учении, решает отправиться прямиком в замок Лидзбарк, к "виновнику" своего изгнания. В графичных иллюстрациях Ивана Кускова, созданных художником с вниманием к деталям, мастерски воплощены такие разные образы героев романа и дух прошедших времён. |
| 333 |
Примечание о целевом назначении |
__ |
| a |
Примечание о целевом назначении |
12+. Для детей старше 12 лет |
| 606 |
Тематические рубрики |
__ |
| a |
Основная рубрика |
Художественная литература |
| 606 |
Тематические рубрики |
__ |
| a |
Основная рубрика |
Русская литература XX в. (произведения) |
| 610 |
Ключевые слова |
__ |
| a |
Ключевые слова |
детская литература |
| a |
Ключевые слова |
исторические романы |
| a |
Ключевые слова |
приключенческая литература |
| a |
Ключевые слова |
приключенческие романы |
| a |
Ключевые слова |
романы |
| a |
Ключевые слова |
тема войны |
| a |
Ключевые слова |
тема истории |
| a |
Ключевые слова |
тема приключений |
| a |
Ключевые слова |
тема путешествий |
| a |
Ключевые слова |
тема рабства |
| 686 |
Индексы других классификаций |
__ |
| 2 |
Код системы |
rubbks |
| a |
Классификационный индекс |
84(2=411.2)6-4; ст84(2Рос=Рус)6-4 |
| 700 |
Автор |
_1 |
| a |
Фамилия |
Шишова |
| b |
Имя |
З. К. |
| f |
Даты |
1898-1977 |
| g |
Полное личное имя |
Зинаида Константиновна |
| 4 |
Код отношения |
070 |
| 701 |
Альтернативная интеллектуальная ответственность |
_1 |
| a |
Фамилия |
Царевич |
| b |
Имя |
С. А. |
| g |
Полное личное имя |
Сергей Алексеевич |
| 4 |
Код отношения |
070 |
| 702 |
Вторичная интеллектуальная ответственность |
_1 |
| a |
Фамилия |
Кусков |
| b |
Имя |
И. С. |
| 4 |
Код отношения |
Художник |
| 4 |
Код отношения |
040 |
| 801 |
Источник записи |
_0 |
| a |
Страна |
ru |
| b |
Организация |
Муниципальное бюджетное учреждение культуры "Централизованная библиотечная система" г. Сургут (Центральная городская библиотека им. А. С. Пушкина) |
| c |
Дата составления |
20181003 |
| g |
Правила каталогизации |
rpk |
| 801 |
Источник записи |
_1 |
| a |
Страна |
ru |
| b |
Организация |
Муниципальное бюджетное учреждение культуры "Централизованная библиотечная система" г. Сургут (Центральная городская библиотека им. А. С. Пушкина) |
| c |
Дата составления |
20181003 |
| g |
Правила каталогизации |
rpk |
| 852 |
Данные о местонахождении |
__ |
| j |
Шифр хранения |
84(2=411.2)6-4 |
| i |
Авторский знак |
Ш 65 |
| 901 |
Тип документа |
__ |
| t |
Тип документа |
m |
| a |
Ответственный |
ООФиК/Волкова |
| 903 |
Характеристики (МАРС) |
__ |
| a |
Дата передачи |
20181003 |
| 969 |
Тип издания |
__ |
| a |
Тип издания |
издание для детей |
| 990 |
Данные о заказе (DOS) |
__ |
| j |
Количество экземпляров (DOS) |
7 |
| t |
N записи в КСУ для И/У (DOS) |
201810 |